000 00703nam a2200229Ia 4500
003 GCL
008 140319s9999 xx 000 0 ara d
040 _aGCL /
_cGCL
082 0 4 _a616.89
_bح م
100 1 _aحلمى احمد حامد
245 1 0 _aمبادئ الطب النفسى /
_cحلمى احمد حامد
260 _a[S.N] :
_bلجنة الاعلام والدراسات المستقبلية ،
_c1991
300 _a411 ص
490 _a
650 0 4 _aالتحليل النفسى
650 0 4 _aالشخصية
650 0 4 _aالعلاج النفسى
650 0 4 _aالطب النفسى
650 0 4 _aالامراض النفسية
650 0 4 _aاضطرابات
942 _2ddc
_cBK
999 _c31280
_d31280